000 00363nam a2200145Ia 4500
008 230711s9999||||xx |||||||||||||| ||und||
041 _aENG
082 _a425
_bPR-I
100 _aPrasad,P
245 0 _aApplied Indian communication technique
250 _a1st Ed.
260 _c2002
_aNew Delhi
_bS.K Kataria & Sons
650 _aCOMMUNICATION SKILL
942 _cBK
999 _c4145
_d4145